| 000 | 00818nam a2200193 a 4500 | ||
|---|---|---|---|
| 005 | 20140412111312.0 | ||
| 008 | 010326s19uu xx 00 eng d | ||
| 020 | _a0-7835-1309-7 | ||
| 050 |
_aREF 170 _bC54Wh v.15 |
||
| 245 |
_aWho took my strawberries? : _ba book about learning to share. |
||
| 260 |
_aAsia : _bTime Life Asia, _c1997. |
||
| 300 | _a28 p. ; ill. | ||
| 440 | _aA Child's First Library of Values | ||
| 500 | _aw/ casette tape | ||
| 520 | _aA selfish farmer is too greedy to share any of his strawberries with the birds or the children of his village. But when his crop of strawberries accidentaly finds its way into the mouths of the animals, birds and people of the community, he discovers why sharing can be lot of fun. | ||
| 650 | _aValues | ||
| 650 | _aSharing - Fiction | ||
| 999 |
_c104031 _d104031 |
||